000 00535nam a2200193Ia 4500
005 20250508152710.0
008 008 250505s9999 xx 000 0 eng d
037 _aTextual
040 _aFEDL
_beng
_cFEDL
041 _aeng
_2eng
084 _a301.35, RUO
_qFEDL
100 _aRuopp Phillips
_9134634
245 0 _aApproches to community development
260 _aThe Hague
_bW. Van Hoeve Limited
_c1953
300 _axvi,352p.
650 _aSociology
942 _cTEXL
_h301.35, RUO
999 _c1338130
_d1338130